Reform of the land (Record no. 68339)

MARC details
000 -LEADER
fixed length control field 01080cam a2200229 4500
001 - CONTROL NUMBER
control field ABS64604
008 - FIXED-LENGTH DATA ELEMENTS--GENERAL INFORMATION
fixed length control field 010921n2001 000 0 eng u
035 ## - SYSTEM CONTROL NUMBER
System control number (Sirsi) u114792
100 ## - MAIN ENTRY--PERSONAL NAME
Personal name Tew, W.
245 ## - TITLE STATEMENT
Title Reform of the land
260 ## - PUBLICATION, DISTRIBUTION, ETC.
Date of publication, distribution, etc. 2001
490 ## - SERIES STATEMENT
Series statement Property Week
Volume/sequential designation 66(37) 14 September 2001, 112(1)
520 ## - SUMMARY, ETC.
Summary, etc. Considers changes in the framework for supporting and promoting rural businesses, resulting, for instance, from the post-election reshuflle and creation of DEFRA. Also looks at CAP reform, and likely changes in the way funding is channelled in future. Contends that chartered surveyors have a vital role to play in managing the emerging changes in rural businesses as they adjust to the new frameworks set for the rural economy. However warns of likely competition from other professionals who will be bid to take on this role.
590 ## - LOCAL NOTE (RLIN)
Local note ABS
650 ## - SUBJECT ADDED ENTRY--TOPICAL TERM
Topical term or geographic name entry element CAP REFORM
650 ## - SUBJECT ADDED ENTRY--TOPICAL TERM
Topical term or geographic name entry element ABOUT RICS-RICS MEMBERS
650 ## - SUBJECT ADDED ENTRY--TOPICAL TERM
Topical term or geographic name entry element Environment
9 (RLIN) 6238
650 ## - SUBJECT ADDED ENTRY--TOPICAL TERM
Topical term or geographic name entry element RURAL ECONOMY
650 ## - SUBJECT ADDED ENTRY--TOPICAL TERM
Topical term or geographic name entry element Land use
9 (RLIN) 6251
690 ## - LOCAL SUBJECT ADDED ENTRY--TOPICAL TERM (OCLC, RLIN)
Topical term or geographic name as entry element RURAL
9 (RLIN) 6268
942 ## - ADDED ENTRY ELEMENTS (KOHA)
Suppress in OPAC 0
Holdings
Withdrawn status Lost status Source of classification or shelving scheme Damaged status Not for loan Home library Current library Shelving location Date acquired Total Checkouts Full call number Barcode Date last seen Copy number Price effective from Koha item type
    Dewey Decimal Classification     London London Journal article 21/09/2001   ABS64604 114792-1001 06/08/2019 1 06/08/2019 Journal article